| 000 | 00336nam a22001337a 4500 | ||
|---|---|---|---|
| 020 | _qHB. | ||
| 040 | _cFIZZA ISHAQ | ||
| 082 |
_a624.15136 _bAAB |
||
| 100 |
_aALKENA, A.A.B. _986437 |
||
| 245 |
_aSTRENGTH OF DILATING SOIL AND LOCAL HOLDING / _c A.A.B. ALKENA. |
||
| 260 |
_aNEW YORK : _c1995. |
||
| 300 | _a244 P. ; | ||
| 942 |
_2ddc _cBK |
||
| 999 |
_c587328 _d587328 |
||